[Event "Milan Palladino Memorial"]
[Site "Milan"]
[Date "2009.04.12"]
[Round "4"]
[White "Rossi, Giampiero"]
[Black "Bertazzoli, Giulio"]
[Result "1/2-1/2"]
[WhiteElo "1915"]
[BlackElo "1849"]
[PlyCount "115"]
[EventDate "2009.04.10"]
[EventType "swiss"]
[EventRounds "6"]
[EventCountry "ITA"]
[SourceTitle "EXT 2011"]
[Source "ChessBase"]
[SourceDate "2010.11.26"]
[SourceVersion "1"]
[SourceVersionDate "2010.11.26"]
[SourceQuality "1"]

1. d4 Nf6 2. c4 g6 3. g3 Bg7 4. Bg2 d6 5. Nc3 0-0 6. Nf3 Nbd7 7. 0-0 e5 8. Qc2 Re8 9. Rd1 Qe7 10. b3 c6 11. e3 Nb6 12. Ba3 Qc7 13. dxe5 dxe5 14. Bd6 Qd8 15. Bxe5 Qe7 16. Bd6 Bf5 17. Qxf5 gxf5 18. Bxe7 Rxe7 19. Rac1 Ne4 20. Nxe4 fxe4 21. Nd4 Re5 22. Rc2 Rd8 23. Rcd2 f5 24. Ne2 Rxd2 25. Rxd2 Kf7 26. Nf4 Ke7 27. Bf1 Nd7 28. Be2 Nc5 29. b4 Ne6 30. Nxe6 Rxe6 31. c5 Bc3 32. Rc2 Bxb4 33. Rb2 a5 34. a3 Bxc5 35. Rxb7+ Kd6 36. Rxh7 Bxa3 37. Ra7 Bb4 38. h4 Re7 39. Ra6 Kc5 40. Kg2 Bd2 41. h5 Re6 42. Kh3 Kb4 43. Kh4 Be1 44. Kg5 Bxf2 45. Kxf5 Rd6 46. Kxe4 Bxg3 47. Kf5 Rd2 48. Bf3 Kb5 49. Ra8 a4 50. h6 Rh2 51. Kg6 Be5 52. Bxc6+ Kxc6 53. Rxa4 Kd6 54. Ra6+ Kd5 55. h7 Ke4 56. Re6 Rg2+ 57. Kh6 Rh2+ 58. Kg6 1/2-1/2

[Event "Milan Palladino Memorial"]
[Site "Milan"]
[Date "2009.04.11"]
[Round "2"]
[White "Colombani, Camillo"]
[Black "Bertazzoli, Giulio"]
[Result "0-1"]
[WhiteElo "1631"]
[BlackElo "1849"]
[PlyCount "66"]
[EventDate "2009.04.10"]
[EventType "swiss"]
[EventRounds "6"]
[EventCountry "ITA"]
[SourceTitle "EXT 2011"]
[Source "ChessBase"]
[SourceDate "2010.11.26"]
[SourceVersion "1"]
[SourceVersionDate "2010.11.26"]
[SourceQuality "1"]

1. e4 c6 2. Nf3 d5 3. exd5 Qxd5 4. Nc3 Qa5 5. Be2 Bg4 6. h3 Bh5 7. 0-0 Nf6 8. d4 e6 9. Bg5 Bxf3 10. Bxf3 Qxg5 11. d5 Nxd5 12. Bxd5 cxd5 13. Nb5 Qd8 14. f4 Qb6+ 15. Nd4 Bc5 16. c3 Nc6 17. Kh1 Bxd4 18. cxd4 Qxd4 19. f5 Qxd1 20. Raxd1 Ke7 21. g4 Rhe8 22. g5 g6 23. f6+ Kd6 24. Kg2 e5 25. Kf3 e4+ 26. Ke2 Re5 27. h4 Rae8 28. Rh1 d4 29. Rdg1 Rf5 30. h5 d3+ 31. Kd2 Ne5 32. hxg6 hxg6 33. Rh4 Nf3+ 0-1

[Event "Gorgonzola op-B 12th"]
[Site "Gorgonzola"]
[Date "2007.11.11"]
[Round "2"]
[White "Olivo, Mario"]
[Black "Bertazzoli, Giulio"]
[Result "1/2-1/2"]
[WhiteElo "1887"]
[BlackElo "1809"]
[PlyCount "94"]
[EventDate "2007.11.10"]
[EventType "swiss"]
[EventRounds "6"]
[EventCountry "ITA"]
[SourceTitle "EXT 2010"]
[Source "ChessBase"]
[SourceDate "2010.11.25"]
[SourceVersion "1"]
[SourceVersionDate "2010.11.25"]
[SourceQuality "1"]

1. c4 e6 2. g3 d5 3. cxd5 exd5 4. Bg2 Nf6 5. Nc3 c6 6. d3 Nbd7 7. Nf3 Be7 8. 0-0 0-0 9. a3 a5 10. Nd4 Nc5 11. b3 Ne6 12. Nf5 Nc5 13. Nxe7+ Qxe7 14. Be3 Ng4 15. Bd4 Ne6 16. Bb6 Bd7 17. d4 Nf6 18. Na4 Rfe8 19. e3 Ra6 20. Qe1 Rea8 21. f3 Bc8 22. Bxa5 Rxa5 23. Nb6 R5a6 24. Nxa8 Rxa8 25. b4 Nc7 26. e4 Nb5 27. e5 Nd7 28. Qe3 Nb6 29. Qd3 g6 30. g4 Qg5 31. Rfd1 Na4 32. Rd2 Qf4 33. Rad1 Nb6 34. Ra2 Ra4 35. Bf1 Nc4 36. Qb3 Nb6 37. Bxb5 cxb5 38. Rd3 Nc4 39. Kg2 Bd7 40. Qc3 Kg7 41. Qe1 Qg5 42. Kg3 Ra8 43. h4 Qe7 44. Qh1 Rf8 45. h5 Qg5 46. Rh2 f5 47. hxg6 Qxg6 1/2-1/2